[Event "ODJM C 2023"]
[Site "Willingen GER"]
[Date "2023.05.31"]
[Round "6"]
[White "Blome, Antonia"]
[Black "Nehrukumar, Rithika"]
[Result "1-0"]
[Termination "normal"]
[Board "38"]
[WhiteElo "1099"]
[BlackElo "990"]
[PlyCount "99"]
[WhiteFideId "34630090"]
[BlackFideId "34660550"]
[EventCountry "GER"]
[EventRounds "9"]
[EventType "swiss"]
[EventDate "2023.05.27"]

1. e4 e5 2. Nc3 Nc6 3. Bc4 Nf6 4. d3 h6 5. f4 exf4 6. Bxf4 Bc5 7. Nf3 d6 8. h3
O-O 9. Qd2 Be6 10. Nd5 Bxd5 11. Bxd5 Nxd5 12. exd5 Nb4 13. O-O-O Nxa2+ 14. Kb1
Nb4 15. d4 Bxd4 16. Qxd4 Na6 17. g4 Re8 18. Rhe1 Qd7 19. Bd2 c5 20. dxc6 bxc6
21. Rxe8+ Rxe8 22. Bc3 f6 23. Qc4+ d5 24. Qxa6 c5 25. Qa5 Rc8 26. Be1 Rc7 27.
Bf2 Qd6 28. Rg1 Qc6 29. Bg3 Re7 30. Bf2 Rc7 31. Rd1 Qb6 32. Qxb6 axb6 33. Rxd5
Kf7 34. b4 cxb4 35. Bxb6 Rb7 36. Rb5 Rd7 37. Rxb4 Rd1+ 38. Kb2 Rf1 39. Nd4 Rh1
40. Rb3 Kg6 41. c4 Re1 42. c5 Re8 43. c6 Rc8 44. Bc5 Rc7 45. Rb7 Rc8 46. Bd6
Rd8 47. Nb5 Rc8 48. c7 Kh7 49. Rb8 Rxb8 50. cxb8=Q 1-0

[Event "ODJM C 2023"]
[Site "Willingen GER"]
[Date "2023.05.31"]
[Round "6"]
[White "Ruddat, Merja"]
[Black "Lindl, Julian"]
[Result "1-0"]
[Termination "normal"]
[Board "39"]
[WhiteElo "934"]
[BlackElo "1148"]
[PlyCount "37"]
[WhiteFideId "34660577"]
[BlackFideId "16258304"]
[EventCountry "GER"]
[EventRounds "9"]
[EventType "swiss"]
[EventDate "2023.05.27"]

1. e4 d5 2. exd5 Qxd5 3. Nc3 Qd8 4. d4 Nf6 5. Nf3 c6 6. Bf4 Bg4 7. h3 Bxf3 8.
Qxf3 e6 9. O-O-O Nbd7 10. g3 Qe7 11. a3 O-O-O 12. Bg2 g6 13. h4 Bg7 14. Rhe1
Qf8 15. Qe3 Re8 16. d5 exd5 17. Qxa7 Rxe1 18. Rxe1 Nh5 19. Qa8+ 1-0

[Event "ODJM C 2023"]
[Site "Willingen GER"]
[Date "2023.05.31"]
[Round "6"]
[White "Kraus, Joshua"]
[Black "Peglau, Lorena"]
[Result "1/2-1/2"]
[Termination "normal"]
[Board "40"]
[WhiteElo "836"]
[BlackElo "1235"]
[PlyCount "113"]
[WhiteFideId "34660500"]
[BlackFideId "16290542"]
[EventCountry "GER"]
[EventRounds "9"]
[EventType "swiss"]
[EventDate "2023.05.27"]

1. e4 c6 2. Nf3 d5 3. exd5 cxd5 4. d4 Nc6 5. Bb5 Qa5+ 6. Nc3 Bg4 7. O-O Nf6 8.
Bxc6+ bxc6 9. h3 Bh5 10. Qd3 e6 11. Bf4 Bxf3 12. Qxf3 Qb4 13. Qd3 Qxb2 14. Rab1
Qa3 15. Rb3 Qa5 16. a3 c5 17. Qb5+ Qxb5 18. Rxb5 cxd4 19. Ne2 Bxa3 20. Nxd4 O-O
21. Rfb1 a5 22. Ra1 Bb4 23. Nc6 h6 24. Nxb4 axb4 25. Rxa8 Rxa8 26. Rxb4 Ra2 27.
c4 dxc4 28. Rxc4 Ra1+ 29. Rc1 Rxc1+ 30. Bxc1 Nd5 31. g3 e5 32. Kg2 Kh7 33. h4
f5 34. Kf3 Nf6 35. Bd2 Nd7 36. Bc1 Nc5 37. Bd2 Ne4 38. Bc1 g5 39. hxg5 hxg5 40.
g4 Kg6 41. gxf5+ Kxf5 42. Be3 g4+ 43. Kg2 Ng5 44. Kg3 e4 45. Kg2 Ne6 46. Bh6
Kg6 47. Be3 Kh5 48. Kg3 Ng5 49. Bf4 Ne6 50. Be3 Ng5 51. Bf4 Nh7 52. Be3 Nf6 53.
Kf4 Kh4 54. Bd4 Nh5+ 55. Kxe4 g3 56. fxg3+ Nxg3+ 57. Ke5 1/2-1/2

[Event "ODJM C 2023"]
[Site "Willingen GER"]
[Date "2023.05.31"]
[Round "6"]
[White "Ginschel, Sophia"]
[Black "Prigandt, Junis"]
[Result "1/2-1/2"]
[Termination "normal"]
[Board "42"]
[WhiteElo "809"]
[BlackElo "1019"]
[PlyCount "137"]
[WhiteFideId "34660445"]
[BlackFideId "34631712"]
[EventCountry "GER"]
[EventRounds "9"]
[EventType "swiss"]
[EventDate "2023.05.27"]

1. e4 e6 2. d4 d5 3. exd5 exd5 4. Bd3 Bd6 5. Nf3 c6 6. Be3 Nf6 7. c3 Be6 8. O-O
O-O 9. Nbd2 Nbd7 10. Qc2 b5 11. b4 Re8 12. Rfe1 Nb6 13. Rad1 a6 14. Nb3 Bg4 15.
Nbd2 Nc4 16. Nxc4 bxc4 17. Be2 a5 18. a3 Ne4 19. Ne5 Bf5 20. Nxc6 Qc7 21. Ne5
Bxe5 22. dxe5 Nxf2 23. Qxf5 Nxd1 24. Rxd1 Rxe5 25. Qf2 Rae8 26. Bf4 axb4 27.
axb4 f6 28. Bxe5 Rxe5 29. Qg3 Qe7 30. Bf1 Re3 31. Qf2 Rxc3 32. h3 Rb3 33. Rxd5
Rxb4 34. Qc5 Rb7 35. Qxe7 Rxe7 36. Bxc4 Kf8 37. Bd3 h6 38. Bg6 Rc7 39. Rd8+ Ke7
40. Re8+ Kd7 41. Rg8 Ke6 42. Re8+ Kd6 43. Kf2 Rc5 44. Rg8 Rc7 45. g3 Ke6 46.
Ke3 f5 47. g4 fxg4 48. hxg4 Kf6 49. Bf5 h5 50. Ke4 hxg4 51. Bxg4 Kg5 52. Bh3
Kf6 53. Kd5 g5 54. Kd6 Re7 55. Rf8+ Rf7 56. Ra8 Rh7 57. Bg4 Rh4 58. Ra4 Rh2 59.
Ra6 Rd2+ 60. Kc7+ Ke5 61. Re6+ Kf4 62. Bh5 g4 63. Be8 g3 64. Rf6+ Ke3 65. Re6+
Kf2 66. Rf6+ Kg1 67. Bc6 g2 68. Kb6 Rf2 69. Rg6 1/2-1/2

[Event "ODJM C 2023"]
[Site "Willingen GER"]
[Date "2023.05.31"]
[Round "6"]
[White "Nehrukumar, Snikitha"]
[Black "Söhren, Louis"]
[Result "0-1"]
[Termination "normal"]
[Board "44"]
[WhiteElo "984"]
[BlackElo "964"]
[PlyCount "102"]
[WhiteFideId "34660569"]
[BlackFideId "34631747"]
[EventCountry "GER"]
[EventRounds "9"]
[EventType "swiss"]
[EventDate "2023.05.27"]

1. e4 e5 2. Nf3 Nc6 3. Bc4 Bc5 4. Nc3 Nf6 5. O-O O-O 6. d3 h6 7. h3 Na5 8. Bd2
a6 9. a3 Bd6 10. d4 exd4 11. Nd5 Nxc4 12. b3 Nxd2 13. Qxd2 Nxe4 14. Qxd4 Nc5
15. Rfe1 c6 16. Ne3 Ne6 17. Qxd6 b5 18. Qd2 d5 19. c4 Nc5 20. Rab1 bxc4 21.
bxc4 Be6 22. Red1 Ne4 23. Qc2 Qd7 24. cxd5 cxd5 25. Ne5 Qd6 26. N5c4 Qc5 27.
Ne5 Qxc2 28. Nxc2 Nc3 29. Rdc1 Nxb1 30. Rxb1 Bf5 31. Rc1 Rac8 32. Rb1 Rxc2 33.
Rb6 Bc8 34. Kf1 Re8 35. f4 a5 36. Rb5 Ba6 37. a4 Rb2 38. Nd3 Rb1+ 39. Kf2 Bxb5
40. axb5 Rxb5 41. Ne5 a4 42. g3 a3 43. g4 f6 44. Ng6 a2 45. Kg3 a1=Q 46. Kh4
Qg1 47. Kh5 Qh1 48. h4 Re4 49. g5 fxg5 50. f5 Kf7 51. Nf8 Qxh4# 0-1

[Event "ODJM C 2023"]
[Site "Willingen GER"]
[Date "2023.05.31"]
[Round "6"]
[White "Kutz, Henning Jasper"]
[Black "Gyácsok, Rozália"]
[Result "1-0"]
[Termination "normal"]
[Board "45"]
[WhiteElo "830"]
[BlackElo "750"]
[PlyCount "25"]
[WhiteFideId "34612882"]
[BlackFideId "34658424"]
[EventCountry "GER"]
[EventRounds "9"]
[EventType "swiss"]
[EventDate "2023.05.27"]

1. e4 e5 2. Nf3 Nc6 3. Nc3 Bc5 4. Bc4 Nf6 5. d3 O-O 6. Bg5 d6 7. Nd5 Bg4 8. h3
h6 9. hxg4 hxg5 10. Nxg5 Nxg4 11. Qxg4 Na5 12. Qh4 f6 13. Ne7# 1-0

[Event "ODJM C 2023"]
[Site "Willingen GER"]
[Date "2023.05.31"]
[Round "6"]
[White "Du, Melina"]
[Black "Schwarzfischer, Ramona"]
[Result "0-1"]
[Termination "normal"]
[Board "46"]
[WhiteElo "931"]
[BlackElo "916"]
[PlyCount "102"]
[WhiteFideId "34639659"]
[BlackFideId "16268113"]
[EventCountry "GER"]
[EventRounds "9"]
[EventType "swiss"]
[EventDate "2023.05.27"]

1. e4 c6 2. Nf3 d5 3. exd5 cxd5 4. d4 Bf5 5. Bf4 Nd7 6. Nc3 Ngf6 7. Bb5 h6 8.
O-O e6 9. Ne5 a6 10. Nxd7 axb5 11. Nxf8 Kxf8 12. Nxb5 Qb6 13. Bd6+ Kg8 14. Be5
Nd7 15. Nc3 Qxb2 16. Ne2 Nxe5 17. dxe5 Qxe5 18. Re1 Qc7 19. Rc1 Rxa2 20. Nd4
Bg6 21. c3 Kh7 22. Qb3 Rha8 23. Nb5 Qb6 24. Rf1 R2a5 25. Rcd1 Rxb5 26. Qxb5
Qxb5 27. h3 Qc4 28. Rc1 Ra3 29. Kh2 Rxc3 30. Rxc3 Qxc3 31. g3 b5 32. h4 b4 33.
f3 b3 34. g4 b2 35. Kg3 b1=Q 36. Rxb1 Bxb1 37. h5 g5 38. Kf2 Qd2+ 39. Kg3 Bd3
40. f4 Qxf4+ 41. Kg2 Be4+ 42. Kg1 Qxg4+ 43. Kf2 d4 44. Ke1 d3 45. Kd2 Qe2+ 46.
Kc3 d2 47. Kb4 d1=R 48. Kc3 Qc2+ 49. Kb4 Rb1+ 50. Ka3 Qb2+ 51. Ka4 Ra1# 0-1